[Event "It \"]
[Site "masterchessopen.com Petrozavodsk (Russia)"]
[Date "2010.10.16"]
[Round "9"]
[White "Makarov Pavel (RUS)"]
[Black "Dmitriev Andrey V (RUS)"]
[Result "1-0"]
[WhiteElo "2046"]
[BlackElo "1958"]

1.Nf3 d5 2.e3 Nf6 3.c4 c6 4.Nc3 e6 5.d4 Nbd7 6.Bd3 dxc4 7.Bxc4 b5 8.Bd3 Bb7
9.O-O a6 10.a3 c5 11.Bc2 Be7 12.Qe2 O-O 13.Ne5 Nxe5 14.dxe5 Nd7 15.f4 Qb6
16.Qd3 {#r} 1-0

[Event "Czech League 2010/11 (2nd) (e)"]
[Site "masterchessopen.com Czech Republic"]
[Date "2010.10.17"]
[Round "1"]
[White "Adamcik Martin (CZE)"]
[Black "Federic Jozef (SVK)"]
[Result "0-1"]
[WhiteElo "2193"]
[BlackElo "2283"]

1.Nf3 d5 2.d4 Nf6 3.c4 c6 4.Nc3 e6 5.e3 Nbd7 6.Bd3 dxc4 7.Bxc4 b5 8.Be2 a6
9.e4 b4 10.e5 bxc3 11.exf6 Bb4 12.fxg7 c2+ {#R} 0-1

[Event "Ch SibFO (seniors)"]
[Site "masterchessopen.com Kiselevsk (Russia)"]
[Date "2010.10.17"]
[Round "9"]
[White "Antonov Vasiliy (RUS)"]
[Black "Sporov Andrey (RUS)"]
[Result "0-1"]
[WhiteElo "1802"]
[BlackElo "1884"]

1.d4 Nf6 2.c4 c6 3.Nc3 d5 4.e3 Nbd7 5.Nf3 e6 6.Bd3 dxc4 7.Bxc4 Bb4 8.O-O Nb6
9.Bd3 Nbd5 10.Bd2 Bd6 11.Ne2 Ne7 12.Re1 Bd7 13.Ng3 Bxg3 14.hxg3 Ng4 15.Bb4 f6
16.Bc5 Ng6 17.Bd6 Kf7 18.e4 Nf8 19.Nh4 f5 20.f4 g5 21.fxg5 Qxg5 22.Re2 Kg7
{#R} 0-1

[Event "Bundesliga (2nd) 2010/11 (w)"]
[Site "masterchessopen.com Germany"]
[Date "2010.11.07"]
[Round "2"]
[White "Goehler Antje (GER)"]
[Black "Stelling Christine"]
[Result "1-0"]
[WhiteElo "2136"]
[BlackElo "1539"]

1.d4 d5 2.Nf3 c6 3.c4 Nf6 4.Nc3 e6 5.e3 Nbd7 6.Bd3 dxc4 7.Bxc4 b5 8.Bd3 Bb7
9.O-O a6 10.e4 h6 11.e5 Nd5 12.Nxd5 cxd5 13.Be3 Rc8 14.Nd2 Nb6 15.b3 Ba3
16.Qg4 Bf8 17.Rad1 Rc7 18.f4 f5 19.exf6 Qxf6 20.f5 Re7 21.Qg3 exf5 22.Bxf5 Kd8
23.Qb8+ Nc8 24.Bxc8 Qxf1+ 25.Nxf1 Bxc8 26.Rc1 {#r} 1-0

[Event "It (open)"]
[Site "masterchessopen.com Piestany (Slovakia)"]
[Date "2010.11.18"]
[Round "5"]
[White "Spik Peter (SVK)"]
[Black "Kovacik Emil (SVK)"]
[Result "0-1"]
[WhiteElo "2054"]
[BlackElo "2232"]

1.d4 d5 2.Nf3 Nf6 3.c4 e6 4.Nc3 c6 5.e3 Nbd7 6.Bd3 dxc4 7.Bxc4 b5 8.Bd3 Bb7
9.O-O Be7 10.Bd2 O-O 11.Rc1 b4 12.Ne4 Qb6 13.Qb3 a5 14.Nxf6+ Bxf6 15.Rfd1 c5
16.Bb1 Bxf3 17.gxf3 cxd4 18.exd4 Bxd4 19.Be3 Bxe3 20.fxe3 Nf6 21.Rd4 Rfd8
22.Rh4 a4 23.Qc4 Qxe3+ 24.Kg2 Rd2+ 25.Kg3 Qf2+ {#R} 0-1

[Event "Tournament (open)"]
[Site "masterchessopen.com St. Petersburg (Russia)"]
[Date "2011.01.05"]
[Round "3"]
[White "Churkin Vitaly (RUS)"]
[Black "Rutman Aleksandr (RUS)"]
[Result "0-1"]
[WhiteElo "2330"]
[BlackElo "2198"]

1.d4 d5 2.c4 c6 3.Nc3 Nf6 4.e3 e6 5.Nf3 Nbd7 6.Bd3 dxc4 7.Bxc4 b5 8.Bd3 b4
9.Ne4 Nxe4 10.Bxe4 Bb7 11.O-O Bd6 12.a3 bxa3 13.b3 O-O 14.Bxa3 Bxa3 15.Rxa3 f5
16.Bd3 c5 17.Bc4 Qe7 18.dxc5 Nxc5 19.b4 Ne4 20.Qb3 Rf6 21.g3 Kh8 22.Rfa1 Nxg3
23.Rxa7 Rxa7 24.Rxa7 Ne4 25.Qa4 h6 26.Qc6 Qd8 27.Qa4 Nc3 {#R} 0-1

[Event "It (open)"]
[Site "masterchessopen.com Bosnjaci (Croatia)"]
[Date "2011.01.07"]
[Round "7"]
[White "Muskardin Mario (CRO)"]
[Black "Urosevic Aleksandar (BIH)"]
[Result "1-0"]
[WhiteElo "2182"]
[BlackElo "2285"]

1.d4 d5 2.c4 c6 3.Nc3 Nf6 4.Nf3 e6 5.e3 Nbd7 6.Bd3 dxc4 7.Bxc4 b5 8.Bd3 Bb7
9.O-O b4 10.Na4 c5 11.dxc5 Nxc5 12.Bb5+ Ncd7 13.Ne5 Qc7 14.Qd4 Bd6 15.Nxd7
Nxd7 16.Rd1 Bxh2+ 17.Kh1 O-O 18.Qxd7 Rfd8 19.Qxc7 Bxc7 20.Bd2 Rd5 21.Be2 Rg5
22.Bf3 Bxf3 23.gxf3 {#r} 1-0

[Event "Ch Antalya (open)"]
[Site "masterchessopen.com Antalya (Turkey)"]
[Date "2011.01.08"]
[Round "2"]
[White "Avci Adem (TUR)"]
[Black "Unal Sinan"]
[Result "1-0"]
[WhiteElo "1838"]
[BlackElo "1454"]

1.d4 d5 2.c4 e6 3.Nc3 c6 4.Nf3 Nd7 5.e3 Ngf6 6.Bd3 dxc4 7.Bxc4 Nd5 8.e4 Nxc3
9.bxc3 Nf6 10.Bd3 Be7 11.O-O Qc7 12.Bg5 O-O 13.Rc1 Re8 14.Bb1 Bd7 15.Qd3 g6
16.c4 Nh5 17.Bxe7 Rxe7 18.e5 Rd8 19.g4 Ng7 20.Ng5 Ne8 21.Ne4 Kg7 22.g5 Qb8
23.Nf6 Nc7 24.Qh3 Rh8 25.Qh6# 1-0

[Event "Ch Colombia (juniors) (under 15)"]
[Site "masterchessopen.com Bogota (Colombia)"]
[Round "7"]
[White "Rodriguez Rueda Paula Andrea (COL)"]
[Black "Ospina Carl Erik (COL)"]
[Result "1-0"]
[WhiteElo "2183"]
[BlackElo "1939"]

1.d4 d5 2.c4 e6 3.Nf3 Nf6 4.Nc3 c6 5.e3 Nbd7 6.Bd3 dxc4 7.Bxc4 b5 8.Bd3 Bb7
9.O-O Nb6 10.e4 Be7 11.Qe2 h6 12.a3 a6 13.e5 Nfd5 14.Ne4 Qc7 15.Bd2 a5 16.Rfc1
b4 17.a4 Qd7 18.b3 g5 19.Rc2 f6 20.exf6 Nxf6 21.Re1 O-O-O 22.Ne5 Qe8 23.Bb5
Qh5 24.Nxc6 Bxc6 25.Rxc6+ Kb7 26.Ba6+ {#r} 1-0

[Event "Ch Republic Komi"]
[Site "masterchessopen.com Pechora (Russia)"]
[Date "2011.02.26"]
[Round "7"]
[White "Bratus Pater P (RUS)"]
[Black "Fedotov Vlad (RUS)"]
[Result "1-0"]
[WhiteElo "2119"]
[BlackElo "1898"]

1.d4 Nf6 2.Nf3 e6 3.c4 d5 4.Nc3 c6 5.e3 Nbd7 6.Bd3 dxc4 7.Bxc4 b5 8.Bd3 Bb7
9.O-O a6 10.a4 Be7 11.Qe2 O-O 12.Rd1 Qc7 13.Bd2 e5 14.Rac1 b4 15.Ne4 Nxe4
16.Bxe4 Nf6 17.Bxc6 Bxc6 18.Nxe5 {#r} 1-0

[Event "Ch Lithuania (juniors) (under 18) (g)"]
[Site "masterchessopen.com Siauliai (Lithuania)"]
[Date "2011.03.18"]
[Round "2"]
[White "Batkovskyte Dominyka (LTU)"]
[Black "Cernavina Ksenija (LTU)"]
[Result "1-0"]
[WhiteElo "2092"]
[BlackElo "1783"]

1.d4 d5 2.c4 c6 3.Nc3 Nf6 4.e3 e6 5.Nf3 Nbd7 6.Bd3 dxc4 7.Bxc4 b5 8.Bd3 Bb7
9.O-O Be7 10.e4 Nb6 11.Bg5 O-O 12.Rc1 Nfd7 13.Bxe7 Qxe7 14.e5 f5 15.exf6 Nxf6
16.Re1 Qd6 17.Ng5 h6 18.Nxe6 Rfe8 19.Qb3 Nbd5 20.Nxd5 Nxd5 21.Nc5 Re7 22.Be4
a6 23.Nxb7 Rxb7 24.Rxc6 {#r} 1-0

[Event "Czech League 2010/11 (2nd) (f)"]
[Site "masterchessopen.com Czech Republic"]
[Date "2011.03.27"]
[Round "10"]
[White "Kociscak Jiri (CZE)"]
[Black "Navratil Jiri Jun (CZE)"]
[Result "1-0"]
[WhiteElo "2318"]
[BlackElo "2140"]

1.d4 d5 2.c4 c6 3.Nc3 Nf6 4.e3 e6 5.Nf3 Nbd7 6.Bd3 dxc4 7.Bxc4 b5 8.Be2 Bb7
9.O-O a6 10.e4 c5 11.d5 c4 12.dxe6 fxe6 13.e5 Nd5 14.Ng5 Nxc3 15.bxc3 Nc5
16.Bh5+ g6 17.Nxh7 Rxh7 18.Bxg6+ Rf7 19.Qh5 Qc7 20.Ba3 Nd3 21.Bd6 Qd7 22.f4
Bd5 23.Qh7 Qa7+ 24.Kh1 Qb7 25.Qg8 O-O-O 26.Bxf7 Bxd6 27.Bxe6+ {#r} 1-0

[Event "Ch Greece (juniors) (under 12)"]
[Site "masterchessopen.com Eretria (Greece)"]
[Date "2011.06.27"]
[Round "4"]
[White "Drakoulakos Grigorios (GRE)"]
[Black "Papadopoulos Asterios (GRE)"]
[Result "1-0"]
[WhiteElo "1704"]
[BlackElo "1569"]

1.d4 d5 2.c4 c6 3.Nf3 Nf6 4.Nc3 e6 5.e3 Nbd7 6.Bd3 dxc4 7.Bxc4 Nb6 8.Bd3 h6
9.O-O c5 10.Qe2 cxd4 11.exd4 Bd7 12.Ne5 a6 13.Rd1 Rc8 14.Be3 Nbd5 15.Nxd5 Nxd5
16.Qh5 Qe7 17.Nxf7 Nf6 18.Nd6+ Kd8 19.Nxb7+ Kc7 20.Qa5+ Kxb7 21.Bxa6+ Ka8
22.Bxc8+ Kb8 23.Bf4+ {#r} 1-0

[Event "Tournament (open)"]
[Site "masterchessopen.com Dmitrov (Russia)"]
[Round "6"]
[White "Kiseljova Marya (RUS)"]
[Black "Kuryshkin Anatoliy (RUS)"]
[Result "1-0"]
[WhiteElo "2031"]
[BlackElo "2093"]

1.d4 d5 2.c4 c6 3.Nc3 e6 4.e3 Nf6 5.Nf3 Nbd7 6.Bd3 dxc4 7.Bxc4 b5 8.Bd3 Bb7
9.O-O Bd6 10.e4 e5 11.d5 b4 12.dxc6 Bxc6 13.Nb5 Bb8 14.Bc4 Ke7 15.Qb3 a5 16.a4
Nxe4 17.Bxf7 Ndc5 18.Qc4 Qd3 19.Bg5+ Kf8 20.Rfd1 Bxb5 21.axb5 Qxc4 22.Bxc4 Bc7
23.Be3 Ke7 24.Rd5 Nd7 25.b6 Nxb6 26.Bxb6 Bxb6 27.Rxe5+ {#r} 1-0

[Event "It (cat.1)"]
[Site "masterchessopen.com Shepsi (Russia)"]
[Round "9"]
[White "Gorbatenko Kateryna (UKR)"]
[Black "Lavretzkij Roman (BLR)"]
[Result "1-0"]
[WhiteElo "2144"]
[BlackElo "2272"]

1.d4 d5 2.c4 c6 3.Nc3 Nf6 4.e3 e6 5.Nf3 Nbd7 6.Bd3 dxc4 7.Bxc4 b5 8.Bb3 Bb7
9.O-O a6 10.e4 c5 11.e5 cxd4 12.Qxd4 Bc5 13.Qf4 Nh5 14.Qg4 g6 15.Ne4 Qc7
16.Bxe6 fxe6 17.Qxe6+ Kf8 18.Bh6+ Ng7 19.Nfg5 Nxe5 20.Nf6 Qc6 21.Ngxh7+ {#r}
1-0

[Event "Ch Vienna State (b)"]
[Site "masterchessopen.com Vienna (Austria)"]
[Date "2011.09.17"]
[Round "8"]
[White "Bechmann Gerhard (AUT)"]
[Black "Schmidlechner Alexander (AUT)"]
[Result "0-1"]
[WhiteElo "2092"]
[BlackElo "2243"]

1.d4 d5 2.c4 e6 3.Nf3 c6 4.e3 Nf6 5.Nc3 Nbd7 6.Bd3 dxc4 7.Bxc4 b5 8.Be2 b4
9.Na4 Bb7 10.O-O Be7 11.Bd2 O-O 12.Rc1 a5 13.Bd3 Rc8 14.Qe2 c5 15.e4 cxd4
16.Rxc8 Qxc8 17.Nxd4 Ne5 18.Rc1 Qd7 {#R} 0-1

[Event "Tournament (open)"]
[Site "masterchessopen.com Linares (Spain)"]
[Date "2011.09.30"]
[Round "1"]
[White "Cobos Navarro David"]
[Black "Rivas Peix Raul"]
[Result "0-1"]
[WhiteElo "1551"]
[BlackElo "1955"]

1.d4 Nf6 2.Nf3 e6 3.c4 d5 4.Nc3 c6 5.e3 Nbd7 6.Bd3 dxc4 7.Bxc4 b5 8.Bd3 Bb7
9.O-O a6 10.a3 c5 11.Re1 Qb6 12.Bc2 O-O-O 13.Qe2 h6 14.Rd1 g5 15.dxc5 Bxc5
16.b4 Be7 17.Bb2 Rhg8 18.Rac1 Kb8 19.Rd2 g4 20.Nd4 Ne5 21.Bb3 Nf3+ 22.Kf1
Nxd2+ {#R} 0-1

[Event "Memorial K.Novikov (cat.2)"]
[Site "masterchessopen.com Tula (Russia)"]
[Date "2011.10.02"]
[Round "2"]
[White "Arakeljan Armen M (ARM)"]
[Black "Kotova Larisa (RUS)"]
[Result "1-0"]
[WhiteElo "2308"]
[BlackElo "2249"]

1.d4 d5 2.c4 c6 3.Nc3 Nf6 4.Nf3 e6 5.e3 Nbd7 6.Bd3 dxc4 7.Bxc4 b5 8.Bd3 Bd6
9.Ng5 Bb7 10.O-O O-O 11.Bd2 Nb6 12.Nce4 Nxe4 13.Nxe4 c5 14.Nxd6 Qxd6 15.Qc2 f5
16.dxc5 Qd5 17.e4 fxe4 18.Bxb5 e3 19.c6 exd2 20.cxb7 Qxb7 21.Bd3 g6 22.Qxd2
Nd5 23.Rae1 {#r} 1-0

[Event "Ch City"]
[Site "masterchessopen.com Novosibirsk (Russia)"]
[Date "2011.10.11"]
[Round "8"]
[White "Ragozin Andrei"]
[Black "Tsoy Aleksander"]
[Result "0-1"]
[WhiteElo "2116"]
[BlackElo "1953"]

1.d4 d5 2.c4 e6 3.Nc3 c6 4.e3 Nf6 5.Nf3 Nbd7 6.Bd3 dxc4 7.Bxc4 b5 8.Bd3 b4
9.Na4 c5 10.O-O Bb7 11.Nxc5 Bxc5 12.dxc5 Nxc5 13.Bb5+ Ke7 14.Nd4 Qd5 15.f3 a6
16.Be2 Rhd8 17.Qe1 a5 18.Qf2 Kf8 19.Rd1 e5 20.e4 Ncxe4 21.fxe4 Nxe4 22.Qh4
exd4 23.Be3 Nd2 24.Qh3 dxe3 25.Kh1 Qg5 26.Rac1 Ne4 27.Rxd8+ Rxd8 28.Kg1 Nf2
{#R} 0-1

[Event "Memorial Siamidi (open)"]
[Site "masterchessopen.com Ufa (Russia)"]
[Date "2011.10.20"]
[Round "5"]
[White "Kudojarov Mars (RUS)"]
[Black "Tangatarov Timur (RUS)"]
[Result "0-1"]
[WhiteElo "1931"]
[BlackElo "2175"]

1.d4 d5 2.Nf3 Nf6 3.e3 c6 4.c4 e6 5.Nc3 Nbd7 6.Bd3 dxc4 7.Bxc4 b5 8.Bd3 b4
9.Na4 Bd6 10.O-O O-O 11.e4 e5 12.Bg5 exd4 13.Nxd4 Ne5 14.Rc1 c5 15.Bxf6 gxf6
16.Nxc5 Bxc5 17.Rxc5 Qxd4 18.Rd5 Qb6 19.Bb1 Be6 20.Rd6 Rfd8 21.Rxb6 Rxd1
22.Rxd1 axb6 23.f4 Nc4 24.b3 Na3 25.Bd3 Rd8 26.e5 Bf5 {#R} 0-1

[Event "Ch City (open)"]
[Site "masterchessopen.com Novokuznetsk (Russia)"]
[Round "4"]
[White "Koltsov Vladimir (RUS)"]
[Black "Derbin Alexey (RUS)"]
[Result "1-0"]
[WhiteElo "2289"]
[BlackElo "1923"]

1.d4 d5 2.c4 e6 3.Nf3 c6 4.e3 Nf6 5.Nc3 Nbd7 6.Bd3 dxc4 7.Bxc4 b5 8.Be2 Bb7
9.O-O a6 10.Qc2 c5 11.Rd1 Rc8 12.Qd2 b4 13.Nb1 Ne4 14.Qe1 Qc7 15.Nbd2 Be7
16.Nxe4 Bxe4 17.Bxa6 Bxf3 18.gxf3 Ra8 19.Bb5 Ra5 20.a4 O-O 21.Bd2 Nb6 22.Rdc1
Qb7 23.dxc5 Qxf3 24.Qf1 Nxa4 25.Bxa4 Bxc5 26.Qg2 Qh5 27.Bd1 {#r} 1-0

[Event "It (open) (b)"]
[Site "masterchessopen.com Prague (Czech Republic)"]
[Date "2012.01.17"]
[Round "6"]
[White "Bartos Jan (CZE)"]
[Black "Vitek Jan"]
[Result "1-0"]
[WhiteElo "2231"]
[BlackElo "1994"]

1.d4 d5 2.c4 c6 3.e3 e6 4.Nf3 Nf6 5.Nc3 Nbd7 6.Bd3 dxc4 7.Bxc4 b5 8.Be2 a6
9.e4 Bb7 10.e5 Nd5 11.Nxd5 exd5 12.O-O Be7 13.Bd3 c5 14.dxc5 Nxc5 15.Bc2 O-O
16.Nd4 Bc8 17.Nc6 Qd7 18.Nxe7+ Qxe7 19.Qxd5 Bb7 20.Qd6 Rfe8 21.Qxe7 Rxe7 22.f4
f6 23.Be3 Rc8 24.Rac1 Kh8 25.Bf5 Rcc7 26.Rxc5 {#r} 1-0

[Event "Ch Colombia (juniors) (under 20) (active) (g)"]
[Site "masterchessopen.com Bogota (Colombia)"]
[Date "2012.02.18"]
[Round "7"]
[White "Rodriguez Rueda Paula Andrea (COL)"]
[Black "Maldonado Barrera Lina Eulalia (COL)"]
[Result "1-0"]
[WhiteElo "2219"]
[BlackElo "1787"]

1.d4 d5 2.c4 c6 3.Nf3 Nf6 4.Nc3 e6 5.e3 Nbd7 6.Bd3 dxc4 7.Bxc4 b5 8.Bd3 Bb7
9.O-O b4 10.Na4 c5 11.dxc5 Nxc5 12.Nxc5 Bxc5 13.Bb5+ Kf8 14.Qe2 g6 15.b3 Qe7
16.Bb2 Kg7 17.Ne5 Bd6 18.Rfd1 Bxe5 19.Bxe5 Rhd8 20.Qb2 Rxd1+ 21.Rxd1 Rd8
22.Bxf6+ {#r} 1-0

[Event "Ch Region"]
[Site "masterchessopen.com Cheliabinsk (Russia)"]
[Date "2012.02.26"]
[Round "9"]
[White "Kaliev Konstantin"]
[Black "Khazhipov Timur"]
[Result "0-1"]
[WhiteElo "1925"]
[BlackElo "2002"]

1.d4 d5 2.Nf3 Nf6 3.c4 c6 4.Nc3 e6 5.e3 Nbd7 6.Bd3 dxc4 7.Bxc4 b5 8.Be2 Bb7
9.O-O a6 10.b3 c5 11.Bb2 Be7 12.Rc1 cxd4 13.Qxd4 O-O 14.Rfd1 Rc8 15.g4 Bc5
16.Qf4 Qe7 17.g5 Nh5 18.Qh4 g6 19.Ne4 Ba3 20.Rxd7 Qxd7 21.Rxc8 Bxb2 22.Rxf8+
Kxf8 {#R} 0-1

[Event "Ch Iraq"]
[Site "masterchessopen.com Sulaimaniyah (Iraq)"]
[Date "2012.03.18"]
[Round "2"]
[White "Nameer Noor Al-Deen"]
[Black "Ares Saber Majeed"]
[Result "1-0"]
[WhiteElo "2228"]
[BlackElo "2142"]

1.c4 c6 2.Nc3 d5 3.d4 Nf6 4.Nf3 e6 5.e3 Nbd7 6.Bd3 dxc4 7.Bxc4 b5 8.Bd3 Bb7
9.e4 b4 10.Na4 c5 11.e5 Nd5 12.dxc5 Qc7 13.O-O Rc8 14.Re1 Nxc5 15.Nxc5 Bxc5
16.Bd2 Qb6 17.Qe2 a6 18.Rac1 h6 19.Rc2 Rc7 20.Rec1 Kd7 21.Bc4 Rhc8 22.Be1 Ke8
23.Bd2 g5 24.b3 Ne7 25.Bd3 Nf5 26.Bxf5 exf5 27.Kh1 Be4 28.Rc4 Bd5 {#r} 1-0

[Event "It \"]
[Site "masterchessopen.com Bad Homburg (Germany)"]
[Date "2012.06.07"]
[Round "3"]
[White "Von Auer Ulrich (GER)"]
[Black "Braunberger Gerald (GER)"]
[Result "1-0"]
[WhiteElo "2100"]
[BlackElo "1973"]

1.d4 d5 2.c4 c6 3.Nc3 Nf6 4.e3 e6 5.Nf3 Nbd7 6.Bd3 dxc4 7.Bxc4 b5 8.Bd3 Bb7
9.O-O a6 10.e4 c5 11.d5 c4 12.Bc2 Nc5 13.Re1 Qc7 14.d6 Qd8 15.Qd4 Nfd7 16.b4
Nd3 17.Bxd3 cxd3 18.Qxd3 Nb6 19.Nxb5 {#r} 1-0

[Event "It (open)"]
[Site "masterchessopen.com Cartagena (Colombia)"]
[Date "2012.06.14"]
[Round "1"]
[White "Dominguez Jose M (DOM)"]
[Black "Narvaez Faber Alberto (COL)"]
[Result "0-1"]
[WhiteElo "2292"]
[BlackElo "2153"]

1.d4 d5 2.e3 Nf6 3.c4 c6 4.Nc3 e6 5.Nf3 Nbd7 6.Bd3 dxc4 7.Bxc4 b5 8.Bb3 Bb7
9.a3 a6 10.O-O c5 11.Re1 Qb6 12.Bc2 Be7 13.e4 cxd4 14.Nxd4 Ne5 15.Nf3 Nfg4
16.Nxe5 Qxf2+ 17.Kh1 Rd8 18.Nd3 Rxd3 19.Bxd3 Qh4 {#R} 0-1

[Event "It \"]
[Site "masterchessopen.com Brno (Czech Republic)"]
[Date "2012.06.24"]
[Round "2"]
[White "Doskar Miloslav (CZE)"]
[Black "Dirgas Josef (CZE)"]
[Result "0-1"]
[WhiteElo "1732"]
[BlackElo "2036"]

1.d4 d5 2.c4 c6 3.Nf3 Nf6 4.Nc3 e6 5.e3 Nbd7 6.Bd3 dxc4 7.Bxc4 b5 8.Bd3 Bb7
9.e4 b4 10.Na4 c5 11.e5 Nd5 12.dxc5 Nxc5 13.Nxc5 Bxc5 14.Bb5+ Ke7 15.O-O Qb6
16.Bc4 h6 17.Qe2 Rhd8 18.Ne1 Rac8 19.Qg4 Kf8 20.Nd3 Bd4 21.Bxd5 Rxd5 22.Bf4
Ba6 23.Rfc1 Rcd8 24.Nxb4 Bxf2+ 25.Kh1 Qxb4 26.Rc7 Qxf4 {#R} 0-1

[Event "Ch Poland (team) (juniors) (extraliga)"]
[Site "masterchessopen.com Suchedniow (Poland)"]
[Round "9"]
[White "Krzyzanowski Marcin (POL)"]
[Black "Jajte-Pachota Maciej (POL)"]
[Result "1-0"]
[WhiteElo "2377"]
[BlackElo "1759"]

1.d4 Nf6 2.c4 c6 3.Nc3 d5 4.e3 e6 5.Nf3 Nbd7 6.Bd3 dxc4 7.Bxc4 Nb6 8.Bd3 Be7
9.O-O O-O 10.e4 c5 11.dxc5 Bxc5 12.e5 Nfd5 13.Bxh7+ Kh8 14.Bd3 Nb4 15.Ng5 Qxd3
16.Qh5+ Kg8 17.Nce4 Rd8 18.Qxf7+ Kh8 19.Qh5+ Kg8 20.Qh7+ Kf8 21.Qh8+ {#r} 1-0

[Event "Memorial L.Kotan (open)"]
[Site "masterchessopen.com Kosice (Slovakia)"]
[Date "2012.07.21"]
[Round "1"]
[White "Krak Tomas (SVK)"]
[Black "Kravec Patrik (SVK)"]
[Result "1-0"]
[WhiteElo "2279"]
[BlackElo "1914"]

1.Nf3 Nf6 2.c4 e6 3.Nc3 d5 4.d4 c6 5.e3 Nbd7 6.Bd3 dxc4 7.Bxc4 b5 8.Be2 Bb7
9.O-O a6 10.e4 Be7 11.e5 Nd5 12.Nxd5 cxd5 13.Bd3 h6 14.Qe2 O-O 15.Bf4 Re8
16.Rad1 g5 17.Bc1 Kg7 18.h4 f5 19.exf6+ Bxf6 20.hxg5 hxg5 21.Nxg5 Bxg5 22.Qg4
Kh6 23.Qh4+ {#r} 1-0

[Event "Ch Paraibo"]
[Site "masterchessopen.com Joao Pessoa (Brazil)"]
[Date "2012.08.03"]
[Round "2"]
[White "Dantas Francisco"]
[Black "Macedo Maximo Iack (BRA)"]
[Result "0-1"]
[WhiteElo "2024"]
[BlackElo "2404"]

1.c4 e6 2.d4 d5 3.Nc3 c6 4.e3 Nf6 5.Nf3 Nbd7 6.Bd3 dxc4 7.Bxc4 b5 8.Bd3 Bb7
9.O-O a6 10.e4 c5 11.Bg5 cxd4 12.Nxd4 Be7 13.f3 Bc5 14.Be3 Qb6 15.Nce2 e5
16.b4 Bxd4 17.Bxd4 exd4 18.Kh1 Rd8 19.Ng3 Ne5 20.Nf5 O-O 21.Rc1 g6 {#R} 0-1

[Event "It (open)"]
[Site "masterchessopen.com Amoudara (Greece)"]
[Date "2012.08.05"]
[Round "3"]
[White "Maiorov Nikita (BLR)"]
[Black "Stoumbou Eleni (GRE)"]
[Result "1-0"]
[WhiteElo "2574"]
[BlackElo "1950"]

1.d4 d5 2.c4 c6 3.Nc3 e6 4.e3 Nf6 5.Nf3 Nbd7 6.Bd3 dxc4 7.Bxc4 b5 8.Bd3 Bd6
9.Bd2 O-O 10.O-O a6 11.Ne4 Nxe4 12.Bxe4 Bb7 13.Rc1 Rc8 14.b4 Qe7 15.Qb3 e5
16.Rfe1 Nf6 17.Bf5 Rc7 18.dxe5 Bxe5 19.Nxe5 Qxe5 20.e4 Bc8 21.Bc3 Qe7 22.Bd4
Nd7 23.Qg3 {#r} 1-0

[Event "It (open)"]
[Site "masterchessopen.com Bogota (Colombia)"]
[Round "6"]
[White "Ramirez Heimy (COL)"]
[Black "Avella Rosas Luis Eduardo (COL)"]
[Result "1-0"]
[WhiteElo "2082"]
[BlackElo "1980"]

1.Nf3 d5 2.d4 Nf6 3.e3 e6 4.c4 c6 5.Nc3 Nbd7 6.Bd3 dxc4 7.Bxc4 Bd6 8.O-O O-O
9.b3 e5 10.dxe5 Nxe5 {#r} 1-0